000 00452nam a2200181Ia 4500
001 3244
005 20260306144906.0
008 260306t2002||||xx |||||||||||||| ||spa||
041 _aESP
082 _a262.91
_bG29
100 _aConcilio Vaticano II
_eAUT
245 0 _aGaudium et spes:
_bConstitución Pastoral sobre la Iglesia en el mundo actual
260 _c2002
300 _a
_c
650 _aGEN
654 _aCHU
942 _cLIB
_dJUS
_fJUS
_2ddc
_n
999 _c3244
_d3244